Central Library, Doon University
WEBOPAC (ONLINE PUBLIC ACCESS CATALOGUE)

Uttarakhand Ka Aitihasik Bhugol (6th to 12th Century) (Record no. 60887)

MARC details
000 -LEADER
fixed length control field 00514nam a22001817a 4500
005 - DATE & TIME
control field 20260526153039.0
008 - FIXED-LENGTH DATA ELEMENTS--GENERAL INFORMATION
fixed length control field 260526b |||||||| |||| 00| 0 eng d
020 ## - ISBN
International Standard Book Number 9788198672414
Price 350.00
040 ## - CATALOGING SOURCE
Original cataloging agency Doon University
041 ## - Language
Language English
082 ## - DDC NUMBER
Classification number 954.87
Book Number TRI
100 ## - MAIN ENTRY--PERSONAL NAME
Personal name Tripathi, Tarachndra
245 ## - TITLE STATEMENT
Title Uttarakhand Ka Aitihasik Bhugol (6th to 12th Century)
260 ## - PUBLICATION, DISTRIBUTION, ETC. (IMPRINT)
Place of publication, distribution, etc Dehradun
Name of publisher, distributor, etc Samay Sakshya
Date of publication, distribution, etc 2025
300 ## - PHYSICAL DESCRIPTION
Pages 240
650 ## - Subject
Subject Uttarakhand Collection : Himalaya Collection
942 ## - ADDED ENTRY ELEMENTS (KOHA)
Koha item type Books
100 ## - MAIN ENTRY--PERSONAL NAME
-- 26914
650 ## - Subject
-- 13
952 ## - LOCATION AND ITEM INFORMATION (KOHA)
-- 2026-05-26
Holdings
Withdrawn status Lost status Source of classification or shelving scheme Damaged status Not for loan Location (home branch) Sublocation or collection (holding branch) Date acquired Koha issues (times borrowed) Koha full call number Accession No. Koha date last seen Koha item type
        Not For Loan Doon University Doon University 26.05.2026   954.87 TRI 53976 26.05.2026 Reference
Contact : +91-135-2533126 (Library),+91-135-2533105 (Admin Office) , Email : doonlibrary@gmail.com

Powered by Koha